[Event "IECG WC.2004.F.00004"]
[Site "IECG email"]
[Date "2005.05.16"]
[Round "?"]
[White "Koteski, Ljube"]
[Black "Migliorini, Roberto"]
[Result "0-1"]
[WhiteElo "2064"]
[BlackElo "2046"]
[PlyCount "52"]
[EventDate "2005.05.16"]
[EventType "tourn (corr)"]
[EventRounds "6"]
[SourceTitle "Corr 2008"]
[Source "ChessBase"]
[SourceDate "2008.06.24"]
[SourceVersion "1"]
[SourceVersionDate "2008.06.24"]
[SourceQuality "1"]

1. e4 e6 2. d4 d5 3. Nc3 Bb4 4. e5 c5 5. a3 Bxc3+ 6. bxc3 Ne7 7. Qg4 0-0 8. Nf3 Nbc6 9. Bd3 f5 10. exf6 Rxf6 11. Bg5 Rf7 12. Bxe7 Rxe7 13. Qh4 h6 14. 0-0 c4 15. Bg6 Bd7 16. Rfe1 Be8 17. Bxe8 Rxe8 18. Qh3 Qd6 19. Re2 Re7 20. Nh4 Kh7 21. Qg4 e5 22. Rae1 Rae8 23. Nf5 Qe6 24. Qh5 Rf7 25. g4 Ref8 26. Kh1 Rxf5 0-1

[Event "IECG WC.2004.F.00004"]
[Site "IECG email"]
[Date "2005.05.16"]
[Round "?"]
[White "Schwarz, Frank"]
[Black "Koteski, Ljube"]
[Result "1-0"]
[WhiteElo "2026"]
[BlackElo "2064"]
[PlyCount "33"]
[EventDate "2005.05.16"]
[EventType "tourn (corr)"]
[EventRounds "6"]
[SourceTitle "Corr 2008"]
[Source "ChessBase"]
[SourceDate "2008.06.24"]
[SourceVersion "1"]
[SourceVersionDate "2008.06.24"]
[SourceQuality "1"]

1. d4 Nf6 2. c4 g6 3. Nc3 Bg7 4. e4 d6 5. Be2 0-0 6. g4 c5 7. d5 e6 8. g5 Ne8 9. h4 exd5 10. exd5 a6 11. a4 b6 12. Ra3 Ra7 13. Ne4 Re7 14. f3 f5 15. Nf2 b5 16. axb5 axb5 17. cxb5 1-0

[Event "IECG CA.2004.0.00130 email"]
[Site "IECG email"]
[Date "2004.07.14"]
[Round "?"]
[White "Koteski, Ljube"]
[Black "Gralke, Wolfgang"]
[Result "0-1"]
[WhiteElo "2109"]
[BlackElo "1854"]
[PlyCount "48"]
[EventDate "2004.07.14"]
[EventType "tourn (corr)"]
[EventRounds "6"]
[SourceTitle "Corr 2008"]
[Source "ChessBase"]
[SourceDate "2008.06.24"]
[SourceVersion "1"]
[SourceVersionDate "2008.06.24"]
[SourceQuality "1"]

1. e4 e5 2. Nf3 Nf6 3. d4 Nxe4 4. Bd3 d5 5. Nxe5 Nd7 6. Nxd7 Bxd7 7. 0-0 Bd6 8. c4 c6 9. cxd5 cxd5 10. Nc3 Nxc3 11. bxc3 0-0 12. Qh5 f5 13. Qf3 Kh8 14. Bd2 Qc7 15. h4 Rae8 16. h5 Re4 17. Bxe4 fxe4 18. Qe2 Qd8 19. Rfb1 b6 20. h6 Qh4 21. g3 Qh3 22. hxg7+ Kxg7 23. Qf1 Qh5 24. Qg2 Bg4 0-1

[Event "IECG CA.2004.0.00130 email"]
[Site "IECG email"]
[Date "2004.07.14"]
[Round "?"]
[White "Koteski, Ljube"]
[Black "Schubert, Steffen"]
[Result "0-1"]
[WhiteElo "2109"]
[BlackElo "2129"]
[PlyCount "46"]
[EventDate "2004.07.14"]
[EventType "tourn (corr)"]
[EventRounds "6"]
[SourceTitle "Corr 2008"]
[Source "ChessBase"]
[SourceDate "2008.06.24"]
[SourceVersion "1"]
[SourceVersionDate "2008.06.24"]
[SourceQuality "1"]

1. e4 e5 2. Nf3 Nf6 3. d4 Nxe4 4. Bd3 d5 5. Nxe5 Nd7 6. Nxd7 Bxd7 7. 0-0 Qh4 8. c4 0-0-0 9. c5 g5 10. Nc3 Bg7 11. g3 Qh3 12. Nxe4 dxe4 13. Bxe4 Bb5 14. Bg2 Qf5 15. Be3 Bxf1 16. Bxf1 Kb8 17. Qa4 c6 18. Rd1 h5 19. Rd3 h4 20. Ra3 hxg3 21. Qxa7+ Kc8 22. Qa8+ Kc7 23. Qa5+ Kd7 0-1

[Event "SEMI The Climb UCO engl/1/1 email"]
[Site "SEMI email"]
[Date "2004.01.02"]
[Round "?"]
[White "Migliorini, Roberto"]
[Black "Koteski, Ljube"]
[Result "1-0"]
[WhiteElo "2020"]
[BlackElo "2050"]
[PlyCount "73"]
[EventDate "2004.??.??"]
[EventType "tourn (corr)"]
[EventRounds "9"]
[EventCountry "ITA"]
[SourceTitle "Corr 2008"]
[Source "ChessBase"]
[SourceDate "2008.06.24"]
[SourceVersion "1"]
[SourceVersionDate "2008.06.24"]
[SourceQuality "1"]

1. d4 e5 2. dxe5 Nc6 3. Nf3 Qe7 4. Qd5 f6 5. exf6 Nxf6 6. Qb3 d5 7. Bg5 d4 8. c3 dxc3 9. Nxc3 Qb4 10. Qxb4 Bxb4 11. Bxf6 gxf6 12. a3 Bxc3+ 13. bxc3 Bf5 14. 0-0-0 Rd8 15. Rxd8+ Kxd8 16. e3 Rg8 17. g3 Ke7 18. Nh4 Be6 19. Bd3 h6 20. Rd1 Ne5 21. Nf5+ Ke8 22. Bc2 Ng4 23. Rd4 Nxf2 24. Rf4 Nh3 25. Rh4 Nf2 26. Rxh6 Ng4 27. Rh7 Bxf5 28. Bxf5 Nxe3 29. Be6 Rg5 30. Rxc7 Re5 31. Bf7+ Kf8 32. Rxb7 Re7 33. Rxe7 Kxe7 34. Kd2 Nf1+ 35. Ke2 Nxh2 36. Bh5 f5 37. Kf2 1-0

[Event "IECG CA.2003.0.00109 email"]
[Site "IECG email"]
[Date "2003.11.12"]
[Round "?"]
[White "Koteski, Ljube"]
[Black "Nilsson, Mikael"]
[Result "1-0"]
[WhiteElo "2062"]
[BlackElo "2133"]
[PlyCount "39"]
[EventDate "2003.11.12"]
[EventType "tourn (corr)"]
[EventRounds "6"]
[SourceTitle "Corr 2008"]
[Source "ChessBase"]
[SourceDate "2008.06.24"]
[SourceVersion "1"]
[SourceVersionDate "2008.06.24"]
[SourceQuality "1"]

1. e4 e5 2. Nf3 Nc6 3. c3 d5 4. Qa4 f6 5. Bb5 Nge7 6. exd5 Qxd5 7. d4 Bd7 8. Be3 e4 9. c4 Qf5 10. Nfd2 Qg6 11. Nc3 Nf5 12. Ndxe4 Nxe3 13. fxe3 f5 14. Ng3 Bd6 15. Nce2 Qg5 16. Qb3 0-0-0 17. d5 Ne5 18. Bxd7+ Nxd7 19. 0-0 g6 20. Nf4 1-0

[Event "IECG CA.2003.0.00093 email"]
[Site "IECG email"]
[Date "2003.10.18"]
[Round "?"]
[White "Fels, Bernhard"]
[Black "Koteski, Ljube"]
[Result "0-1"]
[WhiteElo "2173"]
[BlackElo "2076"]
[PlyCount "82"]
[EventDate "2003.05.08"]
[EventType "tourn (corr)"]
[EventRounds "6"]
[SourceTitle "Corr 2008"]
[Source "ChessBase"]
[SourceDate "2008.06.24"]
[SourceVersion "1"]
[SourceVersionDate "2008.06.24"]
[SourceQuality "1"]

1. d4 Nf6 2. c4 c5 3. d5 d6 4. Nc3 g6 5. e4 Bg7 6. Nf3 0-0 7. Be2 e6 8. 0-0 Re8 9. Nd2 Na6 10. Kh1 Nc7 11. Re1 exd5 12. cxd5 b5 13. f3 a6 14. Nf1 Nd7 15. Bf4 b4 16. Na4 Nb5 17. Rc1 Ne5 18. Be3 h5 19. Nd2 Bd7 20. h3 Nd4 21. Bf1 g5 22. Bxd4 cxd4 23. b3 g4 24. f4 Ng6 25. f5 Ne5 26. Nc4 Nxc4 27. Bxc4 Bxa4 28. bxa4 Qh4 29. Qd3 Bh6 30. Rb1 Be3 31. Rf1 gxh3 32. g3 Qg4 33. Qd1 Qxe4+ 34. Qf3 Qxf3+ 35. Rxf3 Rec8 36. Bd3 Rc3 37. Rb3 Rac8 38. Rf1 Rxd3 39. Rxd3 Rc3 40. Rdd1 Rc2 41. a5 Kg7 0-1

[Event "IECG CP.2003.P.00058 email"]
[Site "IECG email"]
[Date "2003.10.01"]
[Round "?"]
[White "Percze, Rajmond"]
[Black "Koteski, Ljube"]
[Result "1-0"]
[WhiteElo "2214"]
[BlackElo "2062"]
[PlyCount "87"]
[EventDate "2003.10.01"]
[EventType "tourn (corr)"]
[EventRounds "6"]
[EventCountry "HUN"]
[SourceTitle "Corr 2008"]
[Source "ChessBase"]
[SourceDate "2008.06.24"]
[SourceVersion "1"]
[SourceVersionDate "2008.06.24"]
[SourceQuality "1"]

1. e4 c5 2. Nf3 d6 3. d4 cxd4 4. Nxd4 Nf6 5. Nc3 a6 6. Bc4 Nbd7 7. Bg5 Qa5 8. Qd2 e6 9. 0-0-0 b5 10. Bb3 Bb7 11. Rhe1 0-0-0 12. f3 Be7 13. a3 Kb8 14. Kb1 Rc8 15. Be3 Rhd8 16. Bf2 Nc5 17. Ba2 Qc7 18. g4 h6 19. h4 Nfd7 20. g5 hxg5 21. hxg5 g6 22. Rh1 Ne5 23. Rh7 Rh8 24. Rdh1 Rxh7 25. Rxh7 Nc4 26. Bxc4 bxc4 27. Nde2 Rf8 28. Ka2 Nd7 29. Be3 Kc8 30. f4 Nc5 31. Ng3 Qc6 32. f5 Bd8 33. fxg6 fxg6 34. e5 Bc7 35. exd6 Bxd6 36. Bxc5 Bxc5 37. Nge4 Rd8 38. Qf4 Bd4 39. Qf7 e5 40. Rg7 Kb8 41. Qe7 Rc8 42. Nd6 Rc7 43. Rg8+ Bc8 44. Qe6 1-0

[Event "IECG CA.2003.0.00093 email"]
[Site "IECG email"]
[Date "2003.09.06"]
[Round "?"]
[White "Koteski, Ljube"]
[Black "Soulas, Gilles"]
[Result "1-0"]
[WhiteElo "2076"]
[BlackElo "2000"]
[PlyCount "35"]
[EventDate "2003.05.08"]
[EventType "tourn (corr)"]
[EventRounds "6"]
[SourceTitle "Corr 2008"]
[Source "ChessBase"]
[SourceDate "2008.06.24"]
[SourceVersion "1"]
[SourceVersionDate "2008.06.24"]
[SourceQuality "1"]

1. e4 c5 2. Nf3 Nc6 3. d4 cxd4 4. Nxd4 Nf6 5. Nc3 e5 6. Ndb5 d6 7. Bg5 a6 8. Bxf6 gxf6 9. Na3 f5 10. Qh5 b5 11. Naxb5 axb5 12. Bxb5 Bb7 13. Bc4 Qf6 14. Nd5 Qg6 15. Qxg6 fxg6 16. Nc7+ Kd7 17. Nxa8 Bxa8 18. Bd5 1-0

[Event "IECG CA.2003.0.00082 email"]
[Site "IECG email"]
[Date "2003.01.26"]
[Round "?"]
[White "Koteski, Ljube"]
[Black "Thomas, Michael Burgin"]
[Result "1-0"]
[WhiteElo "2116"]
[BlackElo "2008"]
[PlyCount "41"]
[EventDate "2003.01.26"]
[EventType "tourn (corr)"]
[EventRounds "6"]
[SourceTitle "Corr 2008"]
[Source "ChessBase"]
[SourceDate "2008.06.24"]
[SourceVersion "1"]
[SourceVersionDate "2008.06.24"]
[SourceQuality "1"]

1. e4 c5 2. Nf3 d6 3. d4 cxd4 4. Nxd4 Nf6 5. Nc3 g6 6. Be3 Bg7 7. f3 Nc6 8. Qd2 Bd7 9. 0-0-0 Rc8 10. g4 Ne5 11. h3 0-0 12. f4 Nc4 13. Bxc4 Rxc4 14. Qd3 Rc8 15. e5 Ne8 16. Rhe1 dxe5 17. fxe5 Bxe5 18. Bh6 Bg7 19. Bxg7 Nxg7 20. Qe4 e6 21. Qxb7 1-0

[Event "IECG CA.2003.0.00082 email"]
[Site "IECG email"]
[Date "2003.01.26"]
[Round "?"]
[White "Koteski, Ljube"]
[Black "Turko, Sergey Ivanovich"]
[Result "1/2-1/2"]
[WhiteElo "2116"]
[BlackElo "2053"]
[PlyCount "83"]
[EventDate "2003.01.26"]
[EventType "tourn (corr)"]
[EventRounds "6"]
[SourceTitle "Corr 2008"]
[Source "ChessBase"]
[SourceDate "2008.06.24"]
[SourceVersion "1"]
[SourceVersionDate "2008.06.24"]
[SourceQuality "1"]

1. e4 e5 2. Nf3 Nc6 3. Bb5 a6 4. Ba4 Nf6 5. d4 exd4 6. 0-0 Be7 7. Re1 0-0 8. e5 Ne8 9. c3 dxc3 10. Nxc3 d6 11. exd6 cxd6 12. Nd5 Be6 13. Nxe7+ Qxe7 14. Bg5 Qd7 15. Nd4 b5 16. Bc2 Nxd4 17. Qxd4 Rc8 18. Bd3 Nc7 19. a4 Rfe8 20. axb5 axb5 21. Bf4 Nd5 22. Ra7 Qc6 23. Rc1 Qxc1+ 24. Bxc1 Rxc1+ 25. Bf1 Nf6 26. Qd2 Rb1 27. Qd3 Rxb2 28. Qxd6 b4 29. Re7 Rf8 30. Rb7 b3 31. Bd3 Ra2 32. h3 Raa8 33. Qb4 Rac8 34. Qf4 Nd7 35. Rb4 h6 36. Kh2 Rb8 37. Qe4 g6 38. Bb5 Rfd8 39. Qe3 Nf6 40. Qe5 Ne8 41. Qc3 Ng7 42. Bc6 1/2-1/2

[Event "IECG CA.2002.0.00079 email"]
[Site "IECG email"]
[Date "2002.12.27"]
[Round "?"]
[White "Bourgault, Pierre"]
[Black "Koteski, Ljube"]
[Result "1/2-1/2"]
[WhiteElo "2149"]
[BlackElo "2048"]
[PlyCount "103"]
[EventDate "2002.12.27"]
[EventType "tourn (corr)"]
[EventRounds "6"]
[SourceTitle "Corr 2008"]
[Source "ChessBase"]
[SourceDate "2008.06.24"]
[SourceVersion "1"]
[SourceVersionDate "2008.06.24"]
[SourceQuality "1"]

1. e4 c5 2. Nf3 e6 3. d4 cxd4 4. Nxd4 a6 5. Bd3 Nf6 6. 0-0 Qc7 7. Kh1 Bc5 8. Nb3 Be7 9. f4 d6 10. Be3 0-0 11. Qf3 b5 12. a4 b4 13. N1d2 Bb7 14. Rac1 Rc8 15. c3 bxc3 16. Rxc3 Qd7 17. Rxc8+ Qxc8 18. Rc1 Nc6 19. Na5 Qd7 20. Nxb7 Qxb7 21. e5 Nd5 22. Nc4 dxe5 23. fxe5 Rd8 24. Rf1 Bf8 25. Be4 h6 26. Bg1 Bb4 27. Rd1 Nce7 28. Rf1 Nc6 29. Bc2 Qc7 30. Qe4 g6 31. Bd3 Bf8 32. a5 Rd7 33. Nb6 Rd8 34. Rc1 Qb7 35. Qe1 Ncb4 36. Bf1 Nf4 37. Rc4 Nfd3 38. Qc3 Qe7 39. Rd4 Rxd4 40. Qxd4 Qc5 41. Nd7 Qc2 42. Qa7 Qc8 43. Nxf8 Kxf8 44. Qe3 Qc2 45. Qxh6+ Kg8 46. Qe3 Qd1 47. Be2 Qc2 48. Bf1 Qd1 49. Be2 Qc2 50. Qf3 Kg7 51. h3 Nxb2 52. Bd4 1/2-1/2

[Event "IECG CA.2002.0.00079 email"]
[Site "IECG email"]
[Date "2002.12.27"]
[Round "?"]
[White "Fages, Jorge Juan"]
[Black "Koteski, Ljube"]
[Result "1/2-1/2"]
[WhiteElo "2031"]
[BlackElo "2048"]
[PlyCount "88"]
[EventDate "2002.12.27"]
[EventType "tourn (corr)"]
[EventRounds "6"]
[SourceTitle "Corr 2008"]
[Source "ChessBase"]
[SourceDate "2008.06.24"]
[SourceVersion "1"]
[SourceVersionDate "2008.06.24"]
[SourceQuality "1"]

1. e4 c5 2. Nf3 e6 3. d4 cxd4 4. Nxd4 a6 5. Bd3 Nf6 6. 0-0 Qc7 7. Nc3 Bc5 8. Nb3 Be7 9. Be3 d6 10. f4 Nbd7 11. Qf3 b6 12. Rad1 Bb7 13. Qg3 g6 14. a4 0-0-0 15. Qf3 Kb8 16. Qe2 Qc8 17. a5 b5 18. Bd4 Nc5 19. Nd2 Rhg8 20. b4 Nxd3 21. cxd3 Qd7 22. Rc1 Rc8 23. Nf3 Nh5 24. Qe3 f5 25. Rc2 Rgf8 26. e5 Bxf3 27. Qxf3 d5 28. Rb2 Rc6 29. Bc5 Bxc5+ 30. bxc5 Rxc5 31. Na4 Rc6 32. d4 Ka7 33. Nc5 Qg7 34. Rc2 Qe7 35. g3 h6 36. Rfc1 Rfc8 37. Qe2 Ng7 38. Kh1 g5 39. Qe3 gxf4 40. gxf4 Qh4 41. Rg2 R8c7 42. Rf1 Ne8 43. Rfg1 Re7 44. Rg3 Rh7 1/2-1/2

[Event "IECG CA.2002.0.00079 email"]
[Site "IECG email"]
[Date "2002.12.27"]
[Round "?"]
[White "Koteski, Ljube"]
[Black "Hansen, Marc"]
[Result "1/2-1/2"]
[WhiteElo "2048"]
[BlackElo "2000"]
[PlyCount "31"]
[EventDate "2002.12.27"]
[EventType "tourn (corr)"]
[EventRounds "6"]
[SourceTitle "Corr 2008"]
[Source "ChessBase"]
[SourceDate "2008.06.24"]
[SourceVersion "1"]
[SourceVersionDate "2008.06.24"]
[SourceQuality "1"]

1. e4 c5 2. Nc3 Nc6 3. g3 e6 4. Bg2 Nf6 5. Nge2 Be7 6. 0-0 0-0 7. d3 Rb8 8. a4 a6 9. h3 d5 10. exd5 exd5 11. d4 Bf5 12. Be3 cxd4 13. Nxd4 Bg6 14. Nce2 Re8 15. Re1 Be4 16. c3 1/2-1/2

[Event "IECG CB.2002.0.00055 email"]
[Site "IECG email"]
[Date "2002.09.03"]
[Round "?"]
[White "Vieito Soria, Luis Maria"]
[Black "Koteski, Ljube"]
[Result "0-1"]
[WhiteElo "1800"]
[BlackElo "1950"]
[PlyCount "38"]
[EventDate "2002.09.03"]
[EventType "tourn (corr)"]
[EventRounds "6"]
[SourceTitle "Corr 2008"]
[Source "ChessBase"]
[SourceDate "2008.06.24"]
[SourceVersion "1"]
[SourceVersionDate "2008.06.24"]
[SourceQuality "1"]

1. e4 e5 2. Nf3 Nc6 3. Bb5 a6 4. Ba4 Nf6 5. 0-0 b5 6. Bb3 Bb7 7. Re1 Bc5 8. c3 d6 9. d4 Bb6 10. a4 0-0 11. Bg5 h6 12. Bh4 Re8 13. axb5 axb5 14. Rxa8 Bxa8 15. d5 Na7 16. Nbd2 Bb7 17. Nf1 Bc8 18. Bc2 Bd7 19. Qd2 Kh7 0-1